Організаційно-правові засади підготовки та прийняття державно-політичних рішень (Запис № 17170)

000 -Маркер запису
Контрольне поле сталої довжини 01350nam a22002537a 4500
003 - Належність контрольного номера
Контрольне поле Uzh_bibl
008 - Кодовані дані
Контрольне поле сталої довжини 260324b |||||||| |||| 00| 0 ukr d
020 ## - Індекс ISBN
ISBN 966-312-223-4
Ціна 4,00
040 ## - Джерело каталогіз.
Код мови каталог. укр.
041 ## - Код мови видання
Код мови оригіналу українська
Код мови тексту українська
080 ## - Індекс УДК
Індекс УДК 34
090 ## - Шифри
Поличний індекс 34
Авторський знак М-64
100 ## - Автор
Автор Мірошниченко Юрій
245 ## - Назва
Назва Організаційно-правові засади підготовки та прийняття державно-політичних рішень
Фізичний носій Текст
260 ## - Вихідні дані
Місце видання Харків
Видавництво Видавничий будинок "Фактор"
Дата видання 2004
300 ## - Фізичний опис
Обсяг 224 с.
520 ## - Анотація
Анотація Монографія присвячена проблемі вдосконалення організаційно-правового механізму підготовки та прийняття державно-політичих рішень. В роботі досліджується їх природа, та особливості, аналізується світовий досвід.
521 ## - Примітка про цільове призначення
Примітка про цільове призначення Для широкого кола читачів
546 ## - Примітка про мову
Примітка про мову укр.
650 ## - Тематичні рубрики
Основна рубрика Навчальне видання
653 ## - Ключові слова
Ключові слова Механізм прийняття державно-політичних рішень
655 ## - Термін індексування — жанр/форма
Жанр/форма Навчальна література
Типове ділення Посібник
942 ## - ADDED ENTRY ELEMENTS (KOHA)
Джерело класифікації чи схема поличного розташування
Koha item type Книги
Фонди
Статус вилучення Статус втрати/відсутності Джерело класифікації чи схема поличного розташування Статус пошкодження Тип обігу (не для випозичання) Постійне розташування Поточне розташування Розташування у відділі Дата надходження Інвентарний номер Total Checkouts Повний (примірниковий) шифр зберігання Штрих-код Date last seen Дата, для якої чинна ціна заміни Тип одиниці (рівень примірника)
          Бібліотека-філія №2 Бібліотека-філія №2 Абонемент старший відділ 24/03/2026 54000   34 19646 24/03/2026 24/03/2026 Книги

Працює на АБІС Коха